Is THAT Holiday on THAT Date? Quiz Stats

Quiz Updated Dec 10, 2015

Challenge
Share
Tweet
Embed
Score 0/18 Timer 04:00
1 Play Today
Holiday Y or N % Correct
Halloween???
91.3%
Valentine's Day???
91.2%
Boxing Day???
82.3%
Groundhog Day???
81.2%
New Year's Eve???
80.7%
Memorial Day (U.S.)???
77.5%
Father's Day (U.S.)???
73.6%
Martin Luther King, Jr. Day???
73.3%
Presidents Day (U.S.)???
69.6%
Holiday Y or N % Correct
St. Patrick's Day???
67.1%
Labor Day (U.S.)???
66.1%
Veterans Day (U.S.)???
65.7%
Thanksgiving (Canada)???
63.7%
Canada Day???
51.2%
Flag Day (U.S.)???
51%
Mother's Day (U.S.)???
45.1%
Thanksgiving (U.S.)???
43.6%
Earth Day???
40.8%

You're not logged in!

Compare scores with friends on all Sporcle quizzes.
Sign Up with Email
OR
Log In

You Might Also Like...

Show Comments

Extras

Top Quizzes Today


Score Distribution

Your Account Isn't Verified!

In order to create a playlist on Sporcle, you need to verify the email address you used during registration. Go to your Sporcle Settings to finish the process.